| 000 | 00635nam a22002177a 4500 | ||
|---|---|---|---|
| 003 | OSt | ||
| 005 | 20140310183011.0 | ||
| 008 | 130211t xxu||||| |||| 00| 0 eng d | ||
| 020 | _a9715424260 | ||
| 050 |
_aPN2053 _b.D371 2004 |
||
| 082 |
_aPN2053 _b.D371 2004 |
||
| 100 | _aDe la Cruz, Edgardo Bengson | ||
| 245 |
_aDirecting for theater : _ba personal approach / _cEdgardo Bengson De la Cruz. |
||
| 260 |
_aQuezon City : _bUniversity of the Philippines Press, _c2004. |
||
| 300 |
_axv, 128 p. : _c23 cm. _bill. ; |
||
| 521 | _aMC | ||
| 650 | _aTheater approach | ||
| 942 |
_2lcc _cBK _kLOC |
||
| 999 |
_c18240 _d18240 |
||